01538pab a2200217 454500008004000000100002100040245012200061260000900183300001200192362000800204520084800212650001601060650002301076650001801099650001901117650001901136773003401155909001001189999001701199952010401216180718b2004 xxu||||| |||| 00| 0 eng d aLevi-Faur, David aOn the "net impact" of Europeanization: the EU's telecoms and electricity regimes between the global and the national c2004 ap.3-29. aFeb aThis article examines the outcome of the EU policy process from various comparative perspectives in an effort to distinguish the "net effects" of EU membership and EU-level regimes from more general - perhaps global - processes of change. It argues that the major features of liberalization would have been diffused to most if not all member states even in the absence of the European Commission, other agents of supranationalism, and EU-level intergovernmental commitment to liberalize. This is not to suggest that Europeanization does not matter but that it matters in less obvious and perhaps in less critical ways than is frequently assumed. The argument is supported by comparative empirical analysis of the spatial and temporal diffusion of liberalization since the 1980s and of nationalization since the late 19th century. - Reproduced. aElectricity aTelecommunications aPrivatization aLiberalization aEuropean union aComparative Political Studies a59831 c59831d59831 00104070aIIPAbIIPAd2018-07-19hVolume no: 37, Issue no: 1pAR60276r2018-07-19w2018-07-19yAR